|
|
|
|
| LEADER |
01683nam a2200433Ia 4500 |
| 001 |
EBC459377 |
| 003 |
MiAaPQ |
| 005 |
20200520144314.0 |
| 006 |
m o d | |
| 007 |
cr cn||||||||| |
| 008 |
080122s2008 dcua sb 001 0 eng d |
| 010 |
|
|
|z 2008002702
|
| 020 |
|
|
|z 9780821374955
|
| 020 |
|
|
|z 9780821374962
|
| 035 |
|
|
|a (MiAaPQ)EBC459377
|
| 035 |
|
|
|a (Au-PeEL)EBL459377
|
| 035 |
|
|
|a (CaPaEBR)ebr10237216
|
| 035 |
|
|
|a (OCoLC)568046964
|
| 040 |
|
|
|a MiAaPQ
|c MiAaPQ
|d MiAaPQ
|
| 050 |
|
4 |
|a HD6072.6.M628
|b C48 2008
|
| 100 |
1 |
|
|a Chamlou, Nadereh,
|d 1956-
|
| 245 |
1 |
4 |
|a The environment for women's entrepreneurship in the Middle East and North Africa
|h [electronic resource] /
|c Nadereh Chamlou.
|
| 260 |
|
|
|a Washington, D.C. :
|b World Bank,
|c c2008.
|
| 300 |
|
|
|a xxii, 94 p. :
|b ill.
|
| 490 |
0 |
|
|a Orientation in development
|
| 504 |
|
|
|a Includes bibliographical references (p. 85-90) and index.
|
| 533 |
|
|
|a Electronic reproduction. Ann Arbor, MI : ProQuest, 2015. Available via World Wide Web. Access may be limited to ProQuest affiliated libraries.
|
| 650 |
|
0 |
|a Public opinion
|z Africa, North.
|
| 650 |
|
0 |
|a Public opinion
|z Middle East.
|
| 650 |
|
0 |
|a Self-employed women
|z Africa, North
|x Public opinion.
|
| 650 |
|
0 |
|a Self-employed women
|z Middle East
|x Public opinion.
|
| 650 |
|
0 |
|a Social values
|z Africa, North.
|
| 650 |
|
0 |
|a Social values
|z Middle East.
|
| 650 |
|
0 |
|a Work
|z Africa, North
|x Public opinion.
|
| 650 |
|
0 |
|a Work
|z Middle East
|x Public opinion.
|
| 655 |
|
4 |
|a Electronic books.
|
| 710 |
2 |
|
|a World Bank.
|
| 710 |
2 |
|
|a ProQuest (Firm)
|
| 856 |
4 |
0 |
|u https://ebookcentral.proquest.com/lib/matrademy/detail.action?docID=459377
|z Click to View
|